| 000 | 00854pam a2200277 4500 | ||
|---|---|---|---|
| 001 | 379174 | ||
| 003 | NUST - PNEC | ||
| 005 | 20170116181042.0 | ||
| 008 | 711229s1972 nyua b 001 0 eng | ||
| 010 | _a 78130678 | ||
| 020 | _a0070033544 | ||
| 040 | _cLIBRARY | ||
| 050 | 0 | 0 |
_aTA660.S5 _bB33 |
| 082 | 0 | 0 | _a624.1776 BAK |
| 100 | 1 |
_aBaker, E. H., _d1937- |
|
| 245 | 1 | 0 |
_aStructural analysis of shells / _c[by] E. H. Baker, L. Kovalevsky [and] F. L. Rish. |
| 260 |
_aNew York : _bMcGraw-Hill, _c[1972] |
||
| 300 |
_axiii, 351 p. : _billus. ; _c24 cm. |
||
| 350 | _a$24.50 | ||
| 504 | _aIncludes bibliographical references. | ||
| 650 | 0 |
_aShells (Engineering) _xME |
|
| 700 | 1 |
_aKovalevsky, L., _d1916- _ejoint author. |
|
| 700 | 1 |
_aRish, F. L., _d1929- _ejoint author. |
|
| 906 |
_a7 _bcbc _corignew _d1 _encip _f19 _gy-gencatlg |
||
| 942 |
_2ddc _cBK |
||
| 999 |
_c68140 _d68140 |
||